| 000 | 00418nam a2200169Ia 4500 | ||
|---|---|---|---|
| 008 | 230524s9999 xx 000 0 und d | ||
| 020 | _a8120327438 | ||
| 082 |
_a621.3812 _bTSU |
||
| 100 |
_aJame B.Tsui _95911 |
||
| 245 | 0 | _aDigital Technique for Wideband Receivers | |
| 250 | _a2ND | ||
| 260 |
_aNEW DELHI _bPHI _c2005 |
||
| 300 | _aXVI;588 | ||
| 500 | _aQuantity Number: 1 | ||
| 650 | _aElectronics | ||
| 942 | _cBK | ||
| 999 |
_c8529 _d8529 |
||